02620cam a2200397 a 450000100090000000300040000900500170001300800410003001000170007101500190008801600180010702000250012502000220015002000600017202000570023202000590028902000560034803500230040404000700042704200220049704300120051905000210053108200160055224500980056826000350066630000390070150000200074050400510076050511740081165000250198565000450201070000210205570000180207670000210209477601070211516478035OSt20260416075224.0100927s2007 enkab 001 0 eng  a 2010503719 aGBA7072482bnb7 a0136513732Uk a9780852558881 (pbk.) a0852558880 (pbk.) a9781869141295 (University of KwaZuluNatal Press : pbk.) a1869141296 (University of KwaZuluNatal Press : pbk.) a9780870138164 (Michigan State University Press : pbk.) a0870138162 (Michigan State University Press : pbk.) a(OCoLC)ocm80332878 aUKMcUKMdYDXCPdOL$dIULdBAKERdBTCTAdC#PdUUSdVRCdDLCdJCSC aukblsralccopycat af------00aHD966b.C68 200704a333.31622200aConflicts over land & water in Africa /cedited by Bill Derman, Rie Odgaard & Espen Sjaastad. aOxford :bJames Currey,c2007. axi, 244 p. :bill., maps ;c23 cm. aIncludes index. aIncludes bibliographical references and index.0 aIntroduction / Bill Derman, Rie Odgaard, Espen Sjaastad -- Conflicts & the reinterpretation of customary tenure in Ghana / Kojo Sebastian Amanor -- Land tenure & land conflicts among the Kwanja in Adamawa, Northern Cameroon : "our land is not for sale" / Quentin Gausset -- Adaptability, identity & conflict mediation among the Hawawir in Northern Sudan / Kjersti Larsen -- Negotiating access to land in West Africa : who is losing out? / Camilla Toulmin -- Land tenure reform in a Namaqualand communal area, South Africa : contesting Komaggas / Poul Wisborg -- Land reform & the rekindling of land conflicts in South Africa : rural women's access to land / Nancy Andrew -- Land, identity & violence in Zimbabwe / Bill Derman, Anne Hellum -- The authority & violence of a hunters' association in Western Burkina Faso : "each bird is sitting in its own tree" / Sten Hagberg -- Contested identities & resource conflicts in Morogoro Region, Tanzania : who is indigenous? / Faustin Maganga, Rie Odgaard, Espen Sjaastad -- The use & management of water sources in Kenya's drylands : is there a link between scarcity & violent conflicts? / Karen Witsenburg, Adano Wario Roba. 0aLand reformzAfrica. 0aWater-supplyxPolitical aspectszAfrica.1 aDerman, William.1 aOdgaard, Rie.1 aSjaastad, Espen.08iOnline version:tConflicts over land & water in Africa.dOxford : James Currey, 2007w(OCoLC)607865326